000 01186nam a2200325 i 4500
003 EG-GICUC
005 20260406071026.0
008 260406s1958 be ||||fr|||| 000 0 fre d
040 _aEG-GiCUC
_bfre
_cEG-GiCUC
_dEG-GiCUC
_eRda
082 0 4 _221
_a341.48
_bST . P
092 0 4 _221
099 _aLaw1 11 341.48 ST . P 1958
100 1 _aStraschnov, Georges
_eAuteur
245 1 0 _aProtection Internationale Des << Droits Voisins >> :
_bFondements Et Principes D'une Convention Multilatérale /
_cGeorges Straschnov, Svante Bergström, Paolo Greco ; Bénigne Mentha.
_n
264 1 _aBruxelles :
_bÉtablissements Émile Bruylant,
_c1958.
300 _a208page :
_billustration ;
_c 24 cm.
336 _2rda contenu
_a texte
337 _2rda medias
_aOrdinateur
338 _2 transporteur rda
_a Ressource en ligne
504 _a
546 _aTexte en français
650 1 4 _aDroit international public
_2
651 1 _2
700 1 _aBergström, Svante
_eCo-Auteur
700 1 _aGreco, Paolo
_eCo-Auteur
700 1 _aMentha, Bénigne
_ePréfacier
856 4 0 _uhttps://fll.law.cu.edu.eg/fulltext/bks/B11-08173.pdf
905 _a50
942 _2ddc
_cBK
_e21
_n0
999 _c69226
_d69226